000
00239nam a2200097Ia 4500
001
1207216
005
20251017121349.0
008
250824s9999 xx 000 0 und d
245
0
_a
BEN NEYİM
_c
HAKAN MENGÜÇ
260
_b
DESTEK YAYINLARI
999
_c
1207216
_d
1207216